Reforma, ktorú treba znova reformovať

Predchádzajúca reforma zdravotníctva na Slovensku vyvolala odmietavú reakciu širokej verejnosti. Zdravotníctvo má uskutočňovať takú zdravotnú politiku, ktorá umožní každému občanovi zlepšovať zdravotný stav. Financovanie zdravotníctva. Legislatíva a prax. Potreba racionalizácie ďalších krokov pri re...

Description complète

Enregistré dans:
Détails bibliographiques
Auteur principal: Šulajová, Irena
Format: Chapitre de livre
Langue:slovaque
Sujets:
Tags: Ajouter un tag
Pas de tags, Soyez le premier à ajouter un tag!

MARC

LEADER 00000naa$a2200000$$$4500
001 0056795
005 20231016085338.3
041 0 |a slo 
044 |a SK 
245 1 0 |a Reforma, ktorú treba znova reformovať  |c Irena Šulajová 
520 |a Predchádzajúca reforma zdravotníctva na Slovensku vyvolala odmietavú reakciu širokej verejnosti. Zdravotníctvo má uskutočňovať takú zdravotnú politiku, ktorá umožní každému občanovi zlepšovať zdravotný stav. Financovanie zdravotníctva. Legislatíva a prax. Potreba racionalizácie ďalších krokov pri reforme slovenského zdravotníctva. Porovnanie zdrojov zdravotnej starostlivosti a ich využitia na Slovensku a v EÚ 25. 
610 2 0 |a zdravotníctvo 
610 2 0 |a starostlivosť zdravotná 
610 2 0 |a reformy 
610 2 0 |a financovanie 
610 2 0 |a legislatíva 
610 2 0 |a racionalizácia 
610 2 0 |a Slovensko 
100 1 |a Šulajová, Irena